[Event "Madurai Athens of the East op 1st"]
[Site "Madurai"]
[Date "2019.08.11"]
[Round "1"]
[White "Aravinth, Shanmugam S"]
[Black "Harshavardhan, GB."]
[Result "0-1"]
[WhiteElo "1788"]
[BlackElo "2391"]
[PlyCount "54"]
[EventDate "2019.08.11"]
[EventType "swiss"]
[EventRounds "10"]
[EventCountry "IND"]
[SourceTitle "CBM 191 Extra"]
[Source "ChessBase"]
[SourceDate "2019.09.30"]
[SourceVersion "1"]
[SourceVersionDate "2019.09.30"]
[SourceQuality "1"]

1. e4 c5 2. Nf3 e6 3. Nc3 a6 4. g3 b5 5. Bg2 Bb7 6. d3 d6 7. 0-0 Nf6 8. a3 Be7 9. Be3 0-0 10. Ne1 Nc6 11. d4 cxd4 12. Bxd4 Nxd4 13. Qxd4 Nd7 14. Rd1 Qb6 15. Nf3 Rfc8 16. Rfe1 Qxd4 17. Rxd4 Nb6 18. e5 Bxf3 19. Bxf3 dxe5 20. Rd3 Rab8 21. Kg2 Rc7 22. Re2 Nc4 23. Nd1 f5 24. b3 e4 25. Bxe4 fxe4 26. Rxe4 Nxa3 27. Rxe6 Nxc2 0-1